000 00482nam a2200157Ia 4500
008 100122s9999 xx 000 0 und d
082 _b9990
_a914.2
100 _aनाडकर्णी ज्ञानेश्वर
245 _aविलायती वाडी
250 _a0
260 _bप्रकाशक शोधणे
_c1950
300 _a200
630 _aविलायती वाडी
730 _aविलायती वाडी
942 _cBOOK
999 _c401755
_d401752